Incollable #09 - Loisir - Statistiques

Statistiques générales
  • Ce quiz a été pris 1 168 fois
  • Le résultat moyen est 8 sur 12
Statistiques - réponses
Niveaux Questions Réponses % Correct
CP Au football, quel est le seul joueur qui a le droit de toucher le ballon avec les mains ? Le gardien
100%
CE2 De quel pays provient le flamenco ? De l’Espagne
96%
CE2 De quel instrument joue le violoncelliste ? Du violoncelle
96%
CE1 Quel genre de créature est le héros de dessin animé Casper ? Un fantôme
94%
CP Complète la chanson: « C’est la mère Michel qui a perdu son ... » ... chat
92%
CM2 Dans le livre de Lewis Carole, quel pays visite Alice ? Le Pays des merveilles
81%
Lycée De quelle nationalité était Jacques Brel ? Belge
79%
CM1 Qui est le cavalier de Jolly Jumper ? Lucky Luke
70%
Collège Je suis un camps retranché dans Astérix.Je suis aussi un dessert. Que suis-je ? Babaorum | Baba au rhum
34%
Collège Comment s’appelle le loup qui donne son titre à un roman de Jack London paru en 1906 ? Croc-Blanc
34%
CE1 Dans la chanson À la claire fontaine quel oiseau est posé sur la branche ? Un rossignol
22%
Lycée Que signifie l’abréviation DVD ? Digital Versatile Disc (Disque numérique à usages variés)
7%
Aucun quiz correspondant
Distribution des résultats
% des personnes avec chaque résultat
Percentile par nombre de réponses
Votre historique - résultats
Vous n’avez pas pris ce quiz